[Event "Tourn. n9711"]
[Site "www.chess-mail.com"]
[Date "2018.07.02"]
[Round "1"]
[White "Aniruddhadg"]
[Black "Szustan"]
[WhiteElo "2420"]
[BlackElo "2600"]
[Result "1/2-1/2"]
[Round "1"]
1.d4 d5
2.c4 dxc4
3.e4 e5
4.Ng1f3 exd4
5.Bf1xc4 Bf8b4
6.Nb1d2 Nb8c6
7.O-O Ng8f6
8.e5 Nf6d5
9.Nd2b3 Nd5b6
10.Bc1g5 Bb4e7
11.Bg5xe7 Qd8xe7
12.Bc4b5 Bc8d7
13.Bb5xc6 Bd7xc6
14.Nf3xd4 Bc6d5
15.Qd1g4 O-O
16.Rf1e1 Qe7d7
17.Nd4f5 g6
18.Nf5h6 Kg7
19.Qg4g5 Bd5e6
20.Nb3c5 Qd7d8
21.h4 Rf8e8
22.Re1d1 Qd8xg5
23.hxg5 Re8d8
24.Nc5xb7 Rd8xd1
25.Ra1xd1 Be6xa2
26.Nb7c5 Ba2e6
27.Nc5xe6 fxe6
28.Rd1c1 Nb6d5
29.Rc1c6 Ra8e8
30.g3 a5
31.Rc6a6 Re8b8
32.Ra6xa5 Kf8
33.Ra5c5 Rb8xb2
34.Nh6g4 Kf7
35.Ng4f6 Rb2b1
36.Kg2 Rb1b2
37.Rc5c1 Rb2e2
38.Nf6g4 Re2b2
39.Ng4f6 Rb2e2
40.Nf6d7 Re2a2
41.Rc1h1 Ra2c2
42.Rh1xh7 Kg8
43.Rh7h3 Kg7
44.Nd7f6 c5
45.Rh3h7 Kf8
46.Kf3 c4
47.Rh7h8 Kf7
48.Rh8c8 Rc2c1
49.Rc8c5 Nd5b4
50.Nf6e4 Ke7
51.Ke3 Rc1e1
52.Kd4 Nb4c2
53.Kxc4 Re1xe4
54.Kd3 Re4g4
55.Rc5c7 Kf8
56.Rc7xc2 Rg4xg5
57.Rc2c8 Kf7
58.Rc8c7 Kf8
59.Kd4 Rg5h5
60.Ke4 g5
61.Kf3 g4
62.Kxg4 Rh5xe5
63.Kh4 Re5b5
64.f4 Rb5a5
65.g4 Ra5b5
66.g5 Rb5b4
67.Kg3 Rb4b3
{ draw }
1/2-1/2

[Event "Tourn. n9774"]
[Site "www.chess-mail.com"]
[Date "2018.07.02"]
[Round "1"]
[White "Gvladutz"]
[Black "Conde7"]
[WhiteElo "2540"]
[BlackElo "2860"]
[Result "0-1"]
[Round "1"]
1.d4 Ng8f6
2.c4 e6
3.Ng1f3 Bf8b4
4.Nb1d2 O-O
5.e3 d5
6.a3 Bb4e7
7.b3 b6
8.Bc1b2 Bc8b7
9.Bf1d3 Nb8d7
10.cxd5 exd5
11.O-O Nf6e4
12.Qd1c2 f5
13.b4 c5
14.dxc5 bxc5
15.Rf1d1 Ra8c8
16.Qc2a4 Rc8c7
17.Ra1c1 c4
18.Nd2xc4 dxc4
19.Bd3xc4 Kh8
20.Bc4b5 Rc7xc1
21.Rd1xc1 Be7f6
22.Bb2d4 Bf6xd4
23.Nf3xd4 Ne4xf2
24.Kxf2 Qd8h4
25.Ke2 Qh4g4
26.Ke1 f4
27.Rc1c2 fxe3
28.Qa4xa7 Nd7e5
29.Qa7c5 Ne5g6
30.g3 Qg4e4
31.Bb5f1 Qe4h1
32.Nd4f5 Bb7e4
33.Nf5xe3 Be4xc2
34.Qc5xc2 Qh1g1
35.Qc2c3 Rf8e8
36.Kd2 Qg1f2
37.Bf1e2 Re8d8
38.Kc1 Qf2xe2
39.g4 Ng6f4
40.Kb1 Nf4d3
41.Ne3c2 Qe2xg4
42.Ka2 Qg4h3
43.Nc2d4 Nd3xb4
44.Qc3xb4 Qh3d3
45.a4 Qd3xd4
46.Qb4xd4 Rd8xd4
{ resign }
0-1

[Event "Tourn. n9781"]
[Site "www.chess-mail.com"]
[Date "2018.07.02"]
[Round "1"]
[White "Urbe69"]
[Black "Conde7"]
[WhiteElo "2230"]
[BlackElo "2860"]
[Result "0-1"]
[Round "1"]
1.d4 Ng8f6
2.Bc1f4 d5
3.e3 c5
4.c3 Nb8c6
5.Ng1f3 Qd8b6
6.Qd1b3 c4
7.Qb3xb6 axb6
8.Nb1a3 Bc8f5
9.Na3b5 Ra8a5
10.a4 e6
11.Bf1e2 Bf8e7
12.O-O Bf5c2
13.Be2d1 Bc2d3
14.Rf1e1 Nf6e4
15.Bf4c7 Kd7
16.Bc7xb6 Ra5a6
17.a5 Be7d8
18.Bb6xd8 Rh8xd8
19.Bd1a4 f6
20.Ra1a3 Nc6xa5
21.Re1c1 Na5b3
22.Ba4xb3 cxb3
23.Ra3xa6 bxa6
24.Nb5a3 a5
25.Nf3e1 Bd3a6
26.Rc1d1 g5
27.f3 Ne4d6
28.Kf2 h5
29.Ne1d3 Ba6xd3
30.Rd1xd3 g4
31.Rd3d1 Rd8g8
32.Rd1c1 gxf3
33.Kxf3 Nd6e4
34.g3 Rg8g5
35.Kg2 h4
36.Rc1f1 hxg3
37.hxg3 { time. }
0-1

[Event "Tourn. n9795"]
[Site "www.chess-mail.com"]
[Date "2018.07.02"]
[Round "1"]
[White "Pdebonis"]
[Black "Sociopath"]
[WhiteElo "2690"]
[BlackElo "2630"]
[Result "1/2-1/2"]
[Round "1"]
1.d4 Ng8f6
2.Bc1g5 d5
3.e3 c5
4.Bg5xf6 exf6
5.Ng1e2 Nb8c6
6.Nb1c3 Bc8e6
7.a3 Qd8d7
8.g3 cxd4
9.Ne2xd4 Bf8c5
10.Nd4b3 Bc5b6
11.Nc3a4 Bb6a5
12.Nb3xa5 Nc6xa5
13.Na4c3 O-O
14.Bf1g2 Rf8d8
15.Qd1d4 Na5c6
16.Qd4c5 Nc6e7
17.Ra1d1 a6
18.O-O Ra8c8
19.Qc5d4 Rc8c4
20.Qd4xc4 dxc4
21.Rd1xd7 Rd8xd7
22.Rf1d1 Rd7xd1
23.Nc3xd1 b5
24.Nd1c3 Kf8
25.a4 b4
26.Nc3e4 a5
27.Ne4c5 Ne7c8
28.Nc5b7 Nc8b6
29.Bg2c6 Be6f5
30.e4 Bf5g4
31.Nb7xa5 Bg4d1
32.c3 bxc3
33.bxc3 Bd1xa4
34.Na5xc4 Ba4xc6
35.Nc4xb6 Bc6xe4
36.Kf1 Ke7
37.Ke2 Ke6
38.Ke3 Be4c6
39.Kd4 Kf5
40.c4 Kg4
41.Ke3 Kh3
{ draw }
1/2-1/2

[Event "Tourn. n9798"]
[Site "www.chess-mail.com"]
[Date "2018.07.02"]
[Round "1"]
[White "Conde7"]
[Black "Numanoid"]
[WhiteElo "2810"]
[BlackElo "2450"]
[Result "0-1"]
[Round "1"]
1.a3 b5
2.e4 Bc8b7
3.Bf1xb5 Bb7xe4
4.Ng1f3 Ng8f6
5.d4 g6
6.O-O Bf8g7
7.c4 O-O
8.Nb1c3 Be4b7
9.Rf1e1 e6
10.Bc1g5 h6
11.Bg5h4 d6
12.d5 exd5
13.Nc3xd5 c6
14.Nd5e7 Kh7
15.Qd1d4 Nf6h5
16.Qd4d3 Nh5f6
17.Bb5a4 Rf8e8
18.Ne7xg6 fxg6
19.Ba4c2 Nb8d7
20.Qd3xg6 Kh8
21.Nf3d4 Nd7f8
22.Qg6g3 Re8xe1
23.Ra1xe1 Qd8d7
24.Nd4f5 Ra8e8
25.Bh4xf6 Re8xe1
{ resign }
0-1

[Event "Tourn. n9866"]
[Site "www.echecsemail.com"]
[Date "2018.07.02"]
[Round "1"]
[White "Drawlward"]
[Black "Coolant"]
[WhiteElo "2670"]
[BlackElo "2390"]
[Result "1-0"]
[Round "1"]
1.e4 c5
2.Ng1f3 Nb8c6
3.Nb1c3 e6
4.d4 cxd4
5.Nf3xd4 Qd8b6
6.Nd4b5 Bf8c5
7.Qd1d2 Nc6d4
8.b4 { resign }
1-0

[Event "Tourn. n9842"]
[Site "www.echecsemail.com"]
[Date "2018.07.02"]
[Round "1"]
[White "Piekki"]
[Black "Gegonz"]
[WhiteElo "2250"]
[BlackElo "2150"]
[Result "0-1"]
[Round "1"]
1.e4 c6
2.d4 d5
3.exd5 cxd5
4.c4 Ng8f6
5.Nb1c3 e6
6.Bc1g5 Bf8e7
7.Ng1f3 Nb8c6
8.Bf1d3 O-O
9.O-O dxc4
10.Bd3xc4 a6
11.Ra1c1 b5
12.Bc4d3 Bc8b7
13.Rf1e1 Ra8c8
14.Bd3b1 h6
15.Bg5h4 Rf8e8
16.a3 Nc6a5
17.Nf3e5 Na5c4
18.Qd1c2 Kf8
19.Ne5xf7 Kxf7
20.Qc2g6 Kf8
21.Re1xe6 Qd8xd4
22.Rc1e1 Qd4xh4
{ resign }
0-1

[Event "Match"]
[Site "www.echecsemail.com"]
[Date "2018.07.02"]
[Round "1"]
[White "Darknight"]
[Black "Pariolinius"]
[WhiteElo "1890"]
[BlackElo "1760"]
[Result "1-0"]
[Round "1"]
1.e4 e6
2.Bf1c4 c5
3.a3 Nb8c6
4.c3 Ng8f6
5.d3 Bf8e7
6.h3 Nc6e5
7.Bc4a2 b6
8.Bc1f4 d6
9.Qd1e2 Ne5g6
10.Bf4g5 O-O
11.g4 Bc8a6
12.Nb1d2 Qd8d7
13.f3 h6
14.Bg5xf6 Be7xf6
15.O-O-O Ng6f4
16.Qe2h2 Bf6e5
17.Kb1 Ba6xd3
18.Ka1 b5
19.Qh2f2 Bd3c2
20.Rd1e1 Nf4d3
21.Qf2e2 Nd3xe1
22.Qe2xe1 c4
23.h4 Be5f4
24.Ng1h3 Bf4e5
25.f4 Be5f6
26.g5 hxg5
27.hxg5 Bf6e7
28.Qe1h4 f6
29.g6 Rf8f7
30.Qh4h7 { resign }
1-0

[Event "Tourn. n9822"]
[Site "www.echecsemail.com"]
[Date "2018.07.02"]
[Round "1"]
[White "Julian"]
[Black "Iko"]
[WhiteElo "1850"]
[BlackElo "1720"]
[Result "1-0"]
[Round "1"]
1.d4 d5
2.c4 dxc4
3.Nb1c3 Bc8d7
4.e4 Nb8a6
5.Bf1xc4 b5
6.Nc3xb5 c6
7.Nb5c3 Na6b4
8.Ng1f3 Ra8c8
9.O-O e6
10.a3 Qd8a5
11.d5 cxd5
12.exd5 Rc8xc4
13.dxe6 fxe6
14.Bc1e3 Nb4d5
15.Nc3xd5 exd5
16.Nf3d4 Ng8f6
17.Rf1e1 Nf6e4
18.b4 Qa5c7
19.Qd1h5 g6
20.Qh5xd5 Ne4c3
21.Be3g5 Bf8e7
22.Re1xe7 Kf8
23.Qd5f7 
1-0

[Event "Tourn. n9872"]
[Site "www.echecsemail.com"]
[Date "2018.07.02"]
[Round "1"]
[White "J1j6"]
[Black "Muchomurka"]
[WhiteElo "2249"]
[BlackElo "2410"]
[Result "0-1"]
[Round "1"]
1.f4 e5
2.fxe5 d6
3.Ng1f3 dxe5
4.d4 e4
5.Nf3g1 Bf8d6
6.g3 h5
7.Bf1h3 f5
8.Bc1f4 Bd6xf4
9.gxf4 Qd8h4
10.Kd2 Qh4xf4
11.e3 Qf4d6
12.Nb1c3 Nb8c6
13.Kc1 a6
14.d5 Nc6e5
15.Qd1d4 Ng8f6
16.b4 Bc8d7
17.a4 Ra8d8
18.b5 Bd7c8
19.Kd2 Nf6xd5
20.Nc3xd5 Qd6xd5
21.Qd4xd5 Rd8xd5
22.Ke2 axb5
23.axb5 O-O
{ resign }
0-1

[Event "Match"]
[Site "www.echecsemail.com"]
[Date "2018.07.02"]
[Round "1"]
[White "Whitekknight"]
[Black "Tonino1"]
[WhiteElo "1880"]
[BlackElo "2190"]
[Result "0-1"]
[Round "1"]
1.e4 d6
2.d4 Ng8f6
3.Nb1c3 c6
4.Ng1f3 Qd8c7
5.Bc1f4 g6
6.Bf1d3 Nb8d7
7.O-O e5
8.dxe5 dxe5
9.Bf4g5 Bf8g7
10.Rf1e1 O-O
11.Ra1c1 Nd7c5
12.h3 Bc8e6
13.Qd1d2 Rf8d8
14.Re1e3 Be6c4
15.Nf3e1 Bc4xd3
16.cxd3 Rd8d7
17.Qd2c2 Ra8d8
18.Bg5h4 Qc7d6
19.Rc1d1 Bg7h6
20.Re3f3 g5
21.Bh4g3 Nf6h5
22.Bg3h2 Nh5f4
23.Bh2xf4 exf4
24.Kf1 Bh6g7
25.Ke2 Bg7xc3
26.bxc3 Nc5xe4
27.d4 Qd6e6
28.Kf1 Qe6c4
29.Kg1 f5
30.Ne1d3 Qc4xc3
31.Qc2xc3 Ne4xc3
32.Rd1e1 Rd7xd4
33.Nd3c5 Rd4d1
34.Re1xd1 Rd8xd1
35.Kh2 Nc3d5
36.Nc5xb7 g4
37.hxg4 fxg4
38.Rf3a3 Rd1d2
39.Kg1 Nd5b4
40.Ra3xa7 Nb4d3
41.Ra7a8 Kg7
42.Ra8d8 Rd2d1
43.Kh2 Nd3xf2
44.Rd8xd1 Nf2xd1
45.a4 Nd1c3
46.a5 Nc3b5
47.Nb7c5 Kf6
48.a6 Ke5
49.Nc5d7 Kf5
50.Nd7b8 c5
51.Nb8c6 Nb5c7
52.a7 Ke4
53.Nc6b8 f3
54.gxf3 gxf3
55.Kg1 c4
56.Nb8a6 Nc7a8
57.Kf2 c3
58.Na6c5 Kd4
59.Nc5b3 Ke4
60.Nb3a1 h5
61.Na1c2 h4
62.Nc2e1 h3
63.Kg3 h2
64.Kxh2 f2
{ resign }
0-1

[Event "Match"]
[Site "www.echecsemail.com"]
[Date "2018.07.02"]
[Round "1"]
[White "Enting"]
[Black "Gimmyg"]
[WhiteElo "1809"]
[BlackElo "2510"]
[Result "0-1"]
[Round "1"]
1.d4 Ng8f6
2.c4 e6
3.Bc1g5 h6
4.Bg5h4 c5
5.dxc5 Bf8xc5
6.e3 O-O
7.Qd1c2 d5
8.Nb1c3 d4
9.exd4 Bc5xd4
10.Ng1f3 e5
11.Nf3xd4 exd4
12.Nc3d5 Rf8e8
 { time }
0-1

[Event "Match"]
[Site "www.echecsemail.com"]
[Date "2018.07.02"]
[Round "1"]
[White "J1j6"]
[Black "Add"]
[WhiteElo "2249"]
[BlackElo "2250"]
[Result "1/2-1/2"]
[Round "1"]
1.d4 d5
2.c4 c6
3.Nb1c3 e6
4.cxd5 exd5
5.e4 dxe4
6.Nc3xe4 h6
7.Bf1c4 Ng8f6
8.Qd1f3 Qd8xd4
9.Ne4xf6 gxf6
10.Qf3b3 Qd4e4
11.Bc1e3 Bc8e6
12.Bc4xe6 fxe6
13.O-O-O b6
14.f3 Qe4f5
15.g4 Qf5e5
16.f4 Qe5e4
17.Ng1h3 b5
18.Nh3f2 Qe4c4
19.Qb3xc4 bxc4
20.Nf2e4 Bf8e7
21.Be3d4 O-O
22.Bd4c5 Be7xc5
23.Ne4xc5 Rf8e8
24.Rd1d4 c3
25.bxc3 e5
26.fxe5 { draw }
1/2-1/2

[Event "Match"]
[Site "www.echecsemail.com"]
[Date "2018.07.02"]
[Round "1"]
[White "Gidgud"]
[Black "Pinehill"]
[WhiteElo "2109"]
[BlackElo "2100"]
[Result "1-0"]
[Round "1"]
1.e4 d5
2.exd5 Ng8f6
3.c4 e6
4.dxe6 Bc8xe6
5.Ng1f3 Bf8c5
6.d4 Bc5b4
7.Bc1d2 Qd8e7
8.Bd2xb4 Qe7xb4
9.Qd1d2 Qb4e7
10.Bf1e2 O-O
11.O-O c6
12.Nb1c3 Rf8e8
13.Rf1e1 Qe7d7
14.Ra1d1 Nb8a6
15.Qd2g5 Na6b4
16.a3 Nb4c2
17.Re1f1 h6
18.Qg5f4 Be6g4
19.Nf3e5 Qd7c7
20.Be2xg4 Ra8d8
21.Bg4f5 Nc2xd4
22.Rd1xd4 Rd8xd4
23.Qf4xd4 Re8xe5
24.Bf5c2 Qc7e7
25.Qd4xa7 { resign }
1-0

[Event "Tourn. n9856"]
[Site "www.echecsemail.com"]
[Date "2018.07.02"]
[Round "1"]
[White "Hansen"]
[Black "Alekpax"]
[WhiteElo "1480"]
[BlackElo "1499"]
[Result "0-1"]
[Round "1"]
1.e4 e5
2.a3 Ng8f6
3.Nb1c3 Nb8c6
4.g4 d5
5.g5 Nf6xe4
6.Nc3b5 Bf8c5
7.Qd1e2 Bc5xf2
8.Kd1 Bf2h4
9.g6 Ne4f2
10.Ke1 Nf2xh1
11.Kd1 Bc8g4
12.Ng1f3 Nh1f2
13.Ke1 Nf2h3
14.Kd1 e4
15.d4 Bg4xf3
16.Bf1xh3 Qd8f6
17.Nb5xc7 Kd8
18.Nc7xd5 Bf3xe2
19.Kxe2 Qf6f2
20.Kd1 Qf2e1

0-1

[Event "Match"]
[Site "www.echecsemail.com"]
[Date "2018.07.02"]
[Round "1"]
[White "Estonia"]
[Black "J1j6"]
[WhiteElo "2020"]
[BlackElo "2019"]
[Result "1-0"]
[Round "1"]
1.e4 c5
2.Ng1f3 e6
3.d4 d5
4.Bf1b5 Nb8c6
5.exd5 exd5
6.O-O Qd8a5
7.Nb1c3 Bc8e6
8.dxc5 Bf8xc5
9.Qd1e2 O-O-O
10.Bb5xc6 bxc6
11.Nf3e5 Rd8d6
12.Bc1f4 Qa5b6
13.Nc3a4 Qb6a5
14.Na4xc5 Qa5xc5
15.Qe2a6 Kd8
16.Ne5d3 Qc5xc2
17.Bf4xd6 Ng8f6
18.Qa6xa7 Qc2xd3
19.Qa7c7 { resign }
1-0

[Event "Tourn. n9879"]
[Site "www.echecsemail.com"]
[Date "2018.07.02"]
[Round "1"]
[White "J1j6"]
[Black "Fantomas"]
[WhiteElo "2180"]
[BlackElo "2160"]
[Result "1/2-1/2"]
[Round "1"]
1.Ng1f3 c6
2.e4 g6
3.d4 Bf8g7
4.Bc1e3 Ng8f6
5.Bf1d3 d6
6.c4 O-O
7.Nb1c3 Qd8c7
8.h3 e5
9.dxe5 dxe5
10.O-O Rf8e8
11.Nf3g5 h6
12.Ng5f3 b6
13.Qd1d2 Kh7
14.Ra1d1 Nb8a6
15.a3 Qc7e7
16.b4 { draw }
1/2-1/2

[Event "Match"]
[Site "www.echecsemail.com"]
[Date "2018.07.02"]
[Round "1"]
[White "Usmehs"]
[Black "Jackbauer"]
[WhiteElo "1799"]
[BlackElo "1820"]
[Result "1-0"]
[Round "1"]
1.c4 e5
2.Nb1c3 Ng8f6
3.e4 c5
4.g3 Nb8c6
5.Bf1g2 Bf8e7
6.d3 d6
7.Ng1e2 Bc8g4
8.O-O O-O
9.f3 Bg4e6
10.Nc3d5 Be6d7
11.Nd5xe7 Qd8xe7
12.Ne2c3 h6
13.Kh1 a6
14.h3 Nc6d8
15.f4 Bd7c6
16.Qd1e2 Nd8e6
17.Qe2f2 Bc6e8
18.Bc1e3 Be8c6
19.fxe5 dxe5
20.Nc3d5 Bc6xd5
21.cxd5 Ne6d4
22.Be3xh6 Nd4c2
23.Qf2xc2 gxh6
24.Rf1f5 Kh7
25.Qc2d2 b5
26.g4 Nf6g8
27.g5 f6
28.gxh6 Qe7d6
29.Bg2f3 Ng8e7
30.Rf5h5 f5
31.exf5 Ne7xf5
32.Bf3e4 Qd6d7
33.Qd2g5 Rf8g8
34.Be4xf5 Qd7xf5
35.Qg5xf5 { resign }
1-0

[Event "Tourn. n9864"]
[Site "www.echecsemail.com"]
[Date "2018.07.02"]
[Round "1"]
[White "Cybervincy"]
[Black "Roma753"]
[WhiteElo "1499"]
[BlackElo "1499"]
[Result "1-0"]
[Round "1"]
1.d4 f5
2.g3 Ng8f6
3.Bf1g2 d5
4.Ng1h3 e6
5.c4 c6
6.Nb1c3 Bf8d6
7.Bc1f4 O-O
8.Bf4xd6 Qd8xd6
9.O-O Nb8d7
10.b3 a5
11.Nh3f4 Nf6e4
12.Qd1c2 Nd7f6
13.Nf4d3 Ne4xc3
14.Qc2xc3 Nf6e4
15.Qc3c2 Bc8d7
16.Nd3e5 Bd7e8
17.Ra1b1 a4
18.e3 axb3
19.axb3 c5
20.Rb1a1 b5
21.Ra1xa8 { resign }
1-0

[Event "Match"]
[Site "www.echecsemail.com"]
[Date "2018.07.02"]
[Round "1"]
[White "Tonino1"]
[Black "Usmehs"]
[WhiteElo "2200"]
[BlackElo "1899"]
[Result "0-1"]
[Round "1"]
1.d4 c5
2.e3 cxd4
3.exd4 g6
4.f4 Bf8g7
5.c3 e6
6.Bf1d3 Nb8c6
7.Ng1f3 Ng8f6
8.O-O d6
9.Qd1e2 O-O
10.h3 Rf8e8
11.Nb1d2 Nf6d7
12.b3 Nc6e7
13.Nd2c4 Nd7f6
14.Bc1e3 Ne7d5
15.Be3d2 b5
16.Nc4b2 a6
17.c4 bxc4
18.bxc4 Nd5e7
19.a4 Qd8b6
20.a5 Qb6a7
21.Qe2f2 Nf6d7
22.Bd2e3 Qa7c7
23.Rf1c1 Ne7c6
24.Rc1c2 Nc6xa5
25.Bd3e4 Ra8b8
26.Ra1a3 Nd7f6
27.Be4d3 Rb8b3
28.Ra3xb3 Na5xb3
29.c5 Nf6d5
30.cxd6 Qc7xd6
31.Nb2c4 Qd6d8
32.Bd3e4 Nd5xe3
33.Qf2xe3 Bg7xd4
34.Nf3xd4 Qd8xd4
35.Qe3xd4 Nb3xd4
36.Nc4d6 Nd4xc2
37.Nd6xe8 Nc2b4
38.Ne8d6 Bc8d7
39.Kf2 a5
40.Nd6c4 a4
41.Nc4a3 Bd7c6
42.Be4b1 Nb4d5
43.g3 h6
44.Ke1 g5
45.fxg5 hxg5
46.Kd2 f5
47.Kd3 Kf7
48.Kd4 Kf6
49.Kc5 Bc6d7
50.Bb1c2 Nd5e3
51.Bc2d3 f4
52.Kd4 e5
 { time }
0-1

[Event "Match"]
[Site "www.echecsemail.com"]
[Date "2018.07.02"]
[Round "1"]
[White "Aiko1603"]
[Black "Enting"]
[WhiteElo "2140"]
[BlackElo "1809"]
[Result "1-0"]
[Round "1"]
1.c4 g6
2.Nb1c3 Bf8g7
3.g3 Ng8f6
4.Bf1g2 c6
5.Ng1f3 O-O
6.O-O d5
7.cxd5 Nf6xd5
8.d4 Nd5xc3
9.bxc3 Bc8f5
10.Qd1b3 b5
11.Rf1e1 a5
12.e4  { time }
1-0

[Event "Tourn. n9845"]
[Site "www.echecsemail.com"]
[Date "2018.07.02"]
[Round "1"]
[White "Rons"]
[Black "Reignblowcan"]
[WhiteElo "2650"]
[BlackElo "2350"]
[Result "1/2-1/2"]
[Round "1"]
1.e4 e6
2.d4 d5
3.Nb1d2 Ng8f6
4.e5 Nf6d7
5.Bf1d3 c5
6.c3 Nb8c6
7.Ng1e2 c4
8.Bd3c2 b5
9.O-O Bf8e7
10.Ne2f4 a5
11.a4 b4
12.Qd1h5 Nd7f8
13.Nd2f3 h6
14.Qh5g4 g6
15.Nf4h5 Kd7
16.Nh5g3 b3
17.Bc2b1 Kc7
18.Qg4f4 Qd8e8
19.h3 Kb6
20.Rf1e1 Bc8b7
21.Qf4d2 Ka7
22.Ng3f1 Nf8d7
23.Qd2e3 Ra8c8
24.Qe3e2 Qe8f8
25.Nf3h2 Qf8g7
26.Bc1e3 Rh8g8
27.Nf1g3 Ka8
28.Qe2d2 Rg8h8
29.Qd2d1 h5
30.Be3d2 Rc8g8
31.Qd1e2 Qg7f8
32.Nh2f3 Qf8d8
33.Bd2c1 Nc6b8
34.Nf3h2 Nb8c6
35.Qe2f3 Qd8e8
36.Qf3d1 Qe8d8
37.Qd1e2 Ka7
{ draw }
1/2-1/2

[Event "Tourn. n9856"]
[Site "www.echecsemail.com"]
[Date "2018.07.02"]
[Round "1"]
[White "Alekpax"]
[Black "Roma753"]
[WhiteElo "1539"]
[BlackElo "1499"]
[Result "1-0"]
[Round "1"]
1.e4 e6
2.d4 d5
3.Nb1c3 dxe4
4.Nc3xe4 Nb8d7
5.Ng1f3 Ng8f6
6.Ne4xf6 Nd7xf6
7.Bf1d3 c5
8.Bc1e3 Qd8a5
9.c3 Qa5b6
10.O-O cxd4
11.Be3xd4 Bf8c5
12.Bd4e5 Bc8d7
13.a4 Ra8d8
14.Nf3d2 a5
15.Nd2c4 Qb6a7
16.Be5c7 Rd8c8
17.Nc4d6 Bc5xd6
18.Bc7xd6 Qa7b6
19.Bd6a3 Rc8d8
20.Rf1e1 { resign }
1-0

[Event "Match"]
[Site "www.echecsemail.com"]
[Date "2018.07.02"]
[Round "1"]
[White "Ketchuplover"]
[Black "Bjonil60"]
[WhiteElo "1950"]
[BlackElo "1510"]
[Result "1-0"]
[Round "1"]
1.Ng1f3 Nb8c6
2.e4 e6
3.d4 a6
4.c3 d6
5.Bf1e2 Ng8e7
6.O-O g6
7.Bc1g5 h6
8.Bg5f6 Rh8g8
9.Nb1d2 Bf8g7
10.Bf6xg7 Rg8xg7
11.a4 b6
12.b4 b5
13.axb5 Nc6a7
14.bxa6 Na7c6
15.b5 Bc8d7
16.bxc6 Bd7xc6
17.c4 g5
18.h3 Qd8d7
19.g4 f6
20.Qd1b3 Ne7c8
21.Rf1b1 e5
22.d5 Bc6xd5
23.cxd5 c6
24.dxc6 Qd7xc6
25.Be2b5 Qc6xb5
26.Qb3xb5 Kf7
27.Qb5b7 Ke6
28.Qb7xg7 Nc8e7
29.Rb1b7 Ra8e8
30.a7 Ne7c6
31.Qg7f7 
1-0

[Event "Match"]
[Site "www.echecsemail.com"]
[Date "2018.07.02"]
[Round "1"]
[White "Hundegana"]
[Black "J1j6"]
[WhiteElo "2090"]
[BlackElo "1809"]
[Result "1-0"]
[Round "1"]
1.e4 e6
2.Bf1c4 g6
3.d4 c5
4.d5 exd5
5.Qd1xd5 Qd8e7
6.Bc1g5 f6
7.Bg5f4 Nb8c6
8.Bf4d6 Qe7g7
9.Bd6xc5 Bf8xc5
10.Qd5xc5 f5
11.c3 Ng8e7
12.Nb1d2 fxe4
13.Nd2xe4 Ne7f5
14.g4 Nf5h4
15.Ne4d6 Kf8
16.Nd6f5 Nc6e7
17.Nf5xg7 Kxg7
18.Qc5xe7 Kh6
19.Qe7xh4 { resign }
1-0

[Event "Match"]
[Site "www.echecsemail.com"]
[Date "2018.07.02"]
[Round "1"]
[White "Calponas"]
[Black "J1j6"]
[WhiteElo "2150"]
[BlackElo "1809"]
[Result "1-0"]
[Round "1"]
1.e4 c6
2.d4 e5
3.d5 cxd5
4.Qd1xd5 f6
5.Bf1c4 Qd8e7
6.Nb1c3 Nb8c6
7.a3 b6
8.Nc3b5 Kd8
9.Bc1e3 Bc8b7
10.Qd5d2 g5
11.Ng1e2 Ng8h6
12.O-O-O a6
13.Nb5c3 Nh6g4
14.Be3xb6 Kc8
15.f3 Ng4h6
16.Nc3d5 Qe7g7
17.Nd5xf6 Nc6d4
18.Ne2xd4 Qg7xf6
19.Nd4f5 Qf6xb6
20.Qd2xd7 Kb8
21.Nf5xh6 Bf8xh6
22.Rd1d6 Qb6e3
23.Kb1 Bh6f8
24.Rd6d3 Qe3b6
25.Rd3b3 Qb6c7
26.Rh1d1 Bf8c5
27.Qd7g4 h6
28.Rd1d7 { resign }
1-0

[Event "Tourn. n9860"]
[Site "www.echecsemail.com"]
[Date "2018.07.02"]
[Round "1"]
[White "Estonia"]
[Black "Fantomas"]
[WhiteElo "2000"]
[BlackElo "2110"]
[Result "1/2-1/2"]
[Round "1"]
1.c4 e5
2.Nb1c3 Ng8f6
3.Ng1f3 Nb8c6
4.d3 d5
5.cxd5 Nf6xd5
6.e4 Nd5b6
7.Bc1e3 Bf8b4
8.Bf1e2 O-O
9.O-O Rf8e8
10.a3 Bb4f8
11.Ra1c1 Nc6d4
12.Be3xd4 exd4
13.Nc3b5 c5
14.a4 a6
15.Nb5a3 Bc8e6
16.a5 Nb6c8
17.Na3c4 Be6xc4
18.Rc1xc4 Qd8xa5
19.Nf3g5 Nc8d6
20.Rc4a4 Qa5c7
21.Qd1c2 h6
22.Ng5h3 b5
23.Ra4xd4 Ra8c8
24.Rd4d5 Qc7b6
25.g3 Rc8c7
26.Qc2d2 Nd6c8
27.Nh3f4 Bf8d6
28.Rd5h5 Qb6c6
29.Nf4d5 Rc7b7
30.Be2d1 Bd6e5
31.f4 Be5d4
32.Kg2 Nc8e7
33.Nd5xe7 Rb7xe7
34.Rh5d5 Re8f8
35.b4 Rf8c8
36.bxc5 Bd4xc5
37.Bd1b3 Qc6b7
38.Rf1c1 Bc5b6
39.Rc1xc8 Qb7xc8
40.f5 Re7d7
41.Rd5xd7 Qc8xd7
42.Bb3d5 a5
43.Qd2a2 Kf8
44.g4 b4
45.Bd5c4 a4
46.Kf3 Bb6d4
{ draw }
1/2-1/2

[Event "1/128 Finale"]
[Site "www.chess-mail.com"]
[Date "2018.07.02"]
[Round "1"]
[White "Alekpax"]
[Black "Reda"]
[WhiteElo "1539"]
[BlackElo "1700"]
[Result "1-0"]
[Round "1"]
1.e4 e5
2.Nb1c3 Bf8c5
3.Ng1f3 Nb8c6
4.Nf3xe5 Nc6xe5
5.d4 Bc5xd4
6.Qd1xd4 d6
7.Bc1f4 Ng8f6
8.Bf4xe5 dxe5
9.Qd4xe5 Qd8e7
10.Qe5xe7 Kxe7
11.f4 Rh8e8
12.e5 Nf6g4
13.Nc3d5 Kf8
14.Nd5xc7 Ng4e3
15.Nc7xe8 Kxe8
16.Bf1b5 Ke7
17.Kf2 Ne3xc2
18.Ra1c1 Nc2d4
19.Rc1c7 Ke6
20.Bb5c4 Kf5
21.Rc7xf7 Kg6
22.Rf7f8 Kh6
23.Rh1d1 Nd4c2
24.Rd1d8 Nc2d4
25.Rd8xd4 { resign }
1-0

[Event "1/128 Finale"]
[Site "www.chess-mail.com"]
[Date "2018.07.02"]
[Round "1"]
[White "Reda"]
[Black "Alessiov"]
[WhiteElo "1700"]
[BlackElo "1569"]
[Result "0-1"]
[Round "1"]
1.d4 e6
2.Bc1f4 Ng8f6
3.Nb1c3 Bf8b4
4.Qd1d3 b6
5.O-O-O Bc8a6
6.Qd3d2 c5
7.a3 Nf6e4
8.Qd2e3 Ne4xc3
9.bxc3 Bb4xa3
10.Kd2 cxd4
11.cxd4 Qd8e7
12.Rd1a1 Ba3b2
13.Ra1xa6 Nb8xa6
14.Qe3b3 Bb2xd4
15.e3 Na6c5
16.Qb3b5 Nc5e4
17.Kd3 Ne4xf2
18.Ke2 Nf2xh1
19.exd4 Ra8c8
20.Ng1f3 Rc8xc2
21.Kd1 Rc2a2
22.Ke1 Ra2a1
23.Ke2 Qe7a3
24.Nf3e5 O-O
25.Ne5xd7 Qa3c3
26.Nd7xf8 Ra1e1

0-1

[Event "Match"]
[Site "www.echecsemail.com"]
[Date "2018.07.03"]
[Round "1"]
[White "Calponas"]
[Black "Gidgud"]
[WhiteElo "2150"]
[BlackElo "2029"]
[Result "0-1"]
[Round "1"]
1.c4 Ng8f6
2.Nb1c3 e6
3.e4 d6
4.Ng1f3 Bf8e7
5.Bf1e2 O-O
6.O-O b6
7.d4 Bc8b7
8.Qd1d3 Nb8d7
9.Bc1g5 a6
10.Rf1d1 c5
11.d5 e5
12.a4 h6
13.Bg5h4 Nf6h5
14.Bh4g3 Nh5xg3
15.hxg3 Bb7c8
16.Be2f1 Rf8e8
17.Nf3h2 Nd7f8
18.f4 exf4
19.gxf4 Be7f6
20.e5 dxe5
21.Nc3e4 Bc8f5
22.g4 Bf5xe4
23.Qd3xe4 exf4
24.Qe4xf4 Bf6e5
25.Qf4f5 Be5xh2
26.Kxh2 Qd8h4
27.Bf1h3 Re8e2
{ resign }
0-1

[Event "Match"]
[Site "www.echecsemail.com"]
[Date "2018.07.03"]
[Round "1"]
[White "Alessiov"]
[Black "Fangshuo"]
[WhiteElo "1569"]
[BlackElo "2160"]
[Result "1-0"]
[Round "1"]
1.e4 e6
2.Nb1c3 d5
3.d4 c5
4.exd5 exd5
5.dxc5 Ng8f6
6.Bc1e3 Nb8c6
7.Bf1b5 Bc8e6
8.Ng1e2 Bf8e7
9.h3 a6
10.Bb5xc6 bxc6
11.O-O O-O
12.Nc3a4 Qd8a5
13.Na4b6 Ra8b8
14.c3 Nf6e4
15.b4 Qa5a3
16.Be3c1 Ne4xc3
17.Bc1xa3 Nc3xd1
18.Ra1xd1 Rb8d8
19.Ne2d4 Be7f6
20.Nd4xc6 Rd8e8
21.Ba3c1 d4
22.Bc1f4 Kh8
23.Bf4d6 Rf8g8
24.Nc6xd4 Bf6xd4
25.Rd1xd4 Be6xa2
26.Rf1a1 Re8e2
27.c6 { resign }
1-0

[Event "Match"]
[Site "www.echecsemail.com"]
[Date "2018.07.03"]
[Round "1"]
[White "Whitekknight"]
[Black "Sonny1000"]
[WhiteElo "1890"]
[BlackElo "1530"]
[Result "1-0"]
[Round "1"]
1.d4 d5
2.e4 e5
3.dxe5 dxe4
4.Qd1xd8 Kxd8
5.Nb1c3 c6
6.Nc3xe4 Ng8f6
7.exf6 Nb8d7
8.Ne4g5 Ke8
9.fxg7 Bf8xg7
10.c3 h6
11.Ng5e4 Bg7e5
12.Ng1f3 Be5c7
13.Bc1e3 f5
14.Ne4d2 b5
15.Nf3d4 Rh8f8
16.Nd4xc6 a6
17.Be3xh6 Nd7f6
18.Bh6xf8 Kxf8
19.O-O-O Nf6g4
20.g3 Ng4xf2
21.Bf1g2 Nf2xh1
22.Rd1xh1 Bc8b7
23.Rh1g1 Bc7b6
24.Nc6d4 Bb7xg2
25.Rg1xg2 Kg7
26.Rg2e2 Kf7
27.Nd4xf5 Kg6
28.Nf5d4 a5
29.Re2e6 Kh5
30.Re6xb6 Ra8f8
31.Rb6xb5 Kg4
32.Rb5g5 Kh3
33.Rg5h5 Kg4
34.Rh5h4 { resign }
1-0

[Event "Match"]
[Site "www.echecsemail.com"]
[Date "2018.07.03"]
[Round "1"]
[White "Chapi"]
[Black "Tonino1"]
[WhiteElo "2180"]
[BlackElo "2230"]
[Result "1-0"]
[Round "1"]
1.d4 d6
2.c4 Ng8f6
3.Nb1c3 c6
4.Ng1f3 Qd8c7
5.g3 e5
6.Bf1g2 g6
7.dxe5 dxe5
8.O-O Bf8g7
9.Nf3g5 O-O
10.Nc3e4 Nf6xe4
11.Ng5xe4 f5
12.Ne4g5 h6
13.Ng5f3 Bc8e6
14.Qd1c2 e4
15.Bc1f4 Qc7e7
16.Nf3e5 Kh7
17.Ra1d1 Qe7c5
18.b4 Qc5xb4
19.f3 exf3
20.exf3 Bg7xe5
21.Bf4xe5 Qb4xc4
22.Qc2b2 b6
23.Rd1d2 Nb8a6
24.Rf1d1 Na6c5
25.Rd2d6 Qc4xa2
26.Qb2xa2 Be6xa2
27.Rd6xc6 Ra8d8
28.Rc6c7  { time }
1-0

[Event "Tourn. n9842"]
[Site "www.echecsemail.com"]
[Date "2018.07.03"]
[Round "1"]
[White "Tonino1"]
[Black "Gegonz"]
[WhiteElo "2250"]
[BlackElo "2140"]
[Result "0-1"]
[Round "1"]
1.d4 Ng8f6
2.g4 e5
3.dxe5 Nf6xg4
4.Ng1f3 Bf8c5
5.e3 Nb8c6
6.Qd1d5 d6
7.exd6 Bc5xd6
8.Nb1c3 O-O
9.Bf1d3 Nc6b4
10.Qd5e4 g6
11.Bc1d2 Rf8e8
12.Qe4c4 Bc8e6
13.Qc4d4 c5
14.Qd4e4 a6
15.a3 f5
16.Qe4xb7 Re8e7
17.Qb7xe7 Nb4xd3
18.cxd3 Qd8xe7
 { time }
0-1